00767 a2200181 45000010006000000050017000060080041000230030015000640400040000790800058001192450089001770200018002662640034002843000019003185050194003371000024005317000030005555678120260407155831.0260407a2006 arg spa dAR-UNSa-BCEJYS aAR-UNSa-BCEJYSbspacAR-UNSa-BCEJYS a330.567.28xEconomía y Finanzas de los particulares10aEl Cuadrante del flujo de dineropGuía del Padre Rico hacia la Libertad Financiera a987-04-0006-X 1aBuenos Aires :bAguilarc2006 a366 p.c24 cm. a1. ¿En qué cuadrante está usted? ¿Es el correcto? – 2. El cuadrante del flujo de dinero – 3. Sacar lo mejor de usted mismo – 4. Como convertirse en un “D” e “I” exitoso 1 aKiyosaki, Robert T.1 aLechter C.P.A., Sharon L.